000 00292 a2200121 4500
000 nam a22 7a 4500
005 20260223122128.0
020 _a9789362879905
100 _aHarinarayan Thakur
_91116525
245 _aKo Babhan Ko Sooda
260 _bVani Prakashan
_c2025
942 _cTEXL
999 _c1680117
_d1680117